Fetal growth in humans / (Record no. 20090)
[ view plain ]
| 000 -LEADER | |
|---|---|
| fixed length control field | 00411nam a2200157 a 4500 |
| 005 - DATE AND TIME OF LATEST TRANSACTION | |
| control field | 20140310183209.0 |
| 008 - FIXED-LENGTH DATA ELEMENTS--GENERAL INFORMATION | |
| fixed length control field | 030423s19uu xx 00 eng d |
| 050 ## - LIBRARY OF CONGRESS CALL NUMBER | |
| Classification number | RG 600 |
| Item number | .M54 1979 |
| 100 ## - MAIN ENTRY--PERSONAL NAME | |
| Personal name | Miller, Herbert C. |
| 245 ## - TITLE STATEMENT | |
| Title | Fetal growth in humans / |
| Statement of responsibility, etc | Herbert C. Miller. |
| 300 ## - PHYSICAL DESCRIPTION | |
| Extent | 180 p. : |
| Other physical details | ill. ; |
| Dimensions | 21 cm. |
| 521 ## - TARGET AUDIENCE NOTE | |
| Target audience note | |
| 650 ## - SUBJECT ADDED ENTRY--TOPICAL TERM | |
| Topical term or geographic name as entry element | Fetus- |
| Form subdivision | Growth. |
| 942 ## - ADDED ENTRY ELEMENTS (KOHA) | |
| Koha item type | Books |
| Source of classification or shelving scheme | Library of Congress Classification |
| Call number prefix | Foreign |
| Withdrawn status | Lost status | Source of classification or shelving scheme | Damaged status | Home library | Current library | Shelving location | Date acquired | Source of acquisition | Total Checkouts | Full call number | Barcode | Date last seen | Copy number | Price effective from | Koha item type |
|---|---|---|---|---|---|---|---|---|---|---|---|---|---|---|---|
| Library of Congress Classification | Archives | Archives | 12/18/2013 | Donation | RG 600 .M54 1979 | C2149 | 05/15/2018 | 1 | 12/18/2013 | Books |